Hodnotenie kvality telekomunikačných služieb z pohľadu zákazníkov

Bibliographic Details
Main Author: Plintovičová, Daša (Author)
Format: Article
Language:Slovak
ISBN:8023103253

MARC

LEADER 00000naa a2200000uu 4500
001 vtls010957561
003 SK-MaSNL
005 20260302130240.0
008 210905|1997 xo |||||||||||||||||slo|
015 |a SNBRA 
035 |a (urnnbn)urn:nbn:sk:snk:ar-a0bp1r 
035 |a (uuid)32218369-0070-432c-854e-42b8a350f95c 
035 |a urn:nbn:sk:snk-aaugsd 
040 |a SNKBUCL  |b slo  |c SNKBUCL  |e AACR2 
041 0 |a slo 
044 |a xo  |c SK 
100 1 |a Plintovičová, Daša  |4 aut  |9 814204 
245 1 0 |a Hodnotenie kvality telekomunikačných služieb z pohľadu zákazníkov  |c Daša Plintovičová 
773 0 |t T.I.S. '97  |d Žilina : Dom techniky ZSVTS, 1997  |g S. [9]-[14]  |z 8023103253 
958 |a OND 
958 |a article11 
958 |a chapter 
999 |c 1298039  |d 1299969